| 000 | 00528cam a2200193 4500 | ||
|---|---|---|---|
| 001 | D4009 | ||
| 008 | 090401t1975 xxu||||| |||| 00| 0 eng d | ||
| 035 | _a(Sirsi) u76097 | ||
| 041 | _aeng | ||
| 050 | _a331.255 | ||
| 100 | _aGasson, Ruth | ||
| 245 | _aProvision of tied cottages | ||
| 260 |
_aCambridge _bUniversity of Cambridge Department of La _c1975 |
||
| 300 | _aix. 147p. 22cm | ||
| 350 | _a0 | ||
| 490 |
_aUniversity of Cambridge Department of Land Economy _vOccasional Paper 4 |
||
| 942 | _n0 | ||
| 948 | _c04/03/1997 | ||
| 999 |
_c96118 _d96118 |
||